000 00753nam a2200217 a 4500
001 BRCA_1042
005 20190320203244.0
008 090408s2006----mx-a---###---#000-0#spa-#
020 _a9709765086
050 4 _aNB1312.M4
_b.E83 2006
245 1 0 _aEscultura ecuestre de México.
260 _aMéxico
_bSecretaría de Educación Pública
_c2006
300 _a232 p.
_bil. (algunas a color), fotografías
_c30 cm.
500 _a2do. ejemplar en el Área de Investigación
504 _aBibliografía: p. 227-228
600 1 4 _aCarlos IV
_cRey de España
_xEn la escultura
_93439
650 1 4 _aEscultura ecuestre
_xHistoria
_ySiglos XVI a XX
_zMéxico
_93440
650 1 4 _aCaballos
_xEn el arte
_93441
650 1 4 _aArte popular
_zMéxico
_9882
942 _2lcc
_cB
999 _c921
_d921